Vývoj zahraničního obchodu za období leden-září 1991.
Štatistické údaje o zahraničnom obchode od januára do septembra 1991, podľa skupín krajín, podľa menového hľadiska, i podľa tovarovej štruktúry.
Salvato in:
| Natura: | Capitolo di libro |
|---|---|
| Lingua: | ceco |
| Soggetti: | |
| Tags: |
Nessun Tag, puoi essere il primo ad aggiungerne!!
|
MARC
| LEADER | 00000naa a2200000 4500 | ||
|---|---|---|---|
| 001 | r007192 | ||
| 005 | 20221125081255.9 | ||
| 041 | 0 | |a cze | |
| 044 | |a [CS] | ||
| 245 | 1 | 0 | |a Vývoj zahraničního obchodu za období leden-září 1991. |
| 520 | |a Štatistické údaje o zahraničnom obchode od januára do septembra 1991, podľa skupín krajín, podľa menového hľadiska, i podľa tovarovej štruktúry. | ||
| 610 | 2 | 0 | |a obchod zahraničný |
| 610 | 2 | 0 | |a údaje štatistické |
| 610 | 2 | 0 | |a ČSFR |
| 610 | 2 | 0 | |a 1991 |